Reconnaissez vous ces actuels dirigeants de partis politiques ? - Statistiques

Statistiques générales
  • Ce quiz a été pris 173 fois
    51 depuis la dernière actualisation
  • Le résultat moyen est 21 sur 28
Statistiques - réponses
Par images Hint Réponse % Correct
Reconqûete Éric Zemmour
98%
Renaissance Gabriel Attal
98%
Rassemblement National (RN) Jordan Bardella
98%
Horizons Édouard Philippe
96%
Mouvement Démocrate (MODEM) François Bayrou
96%
Nouveau Parti Anticapitaliste (NPA) Philippe Poutou
96%
Les Républicains (LR) Bruno Retailleau
94%
Union des Droites Républicaines (UDR) Éric Ciotti
94%
Résistons Jean Lassalle
94%
Place Publique Raphaël Glucksmann
91%
Identités-Libertés (IDL) Marion Maréchal
89%
Debout la France (DLF) Nicolas Dupont-Aignan
89%
Parti Communiste Français (PCF) Fabien Roussel
87%
Lutte Ouvrière Nathalie Arthaud
87%
Parti Socialiste (PS) Olivier Faure
87%
Les Patriotes (LP) Florian Philippot
83%
L’APRÈS Clémentine Autain
81%
Union Populaire Républicaine (UPR) François Asselineau
81%
Picardie Debout ! François Ruffin
81%
La France Insoumise (LFI) Manuel Bompard
81%
Les Écologistes (LÉ, anciennement EELV) Marine Tondelier
81%
Génération Écologie Delphine Batho
51%
Union des Démocrates Indépendants (UDI) Hervé Marseille
43%
Les Centristes (LC) Hervé Morin
38%
Nouvelle Donne Pierre Larrouturou
30%
Ecologie au Centre (EAC) Jean Marc Governatori
21%
Mouvement Ecologiste Independant (MEI) Antoine Waechter
19%
Parti Radical de Gauche (PRG) Guillaume Lacroix
15%
Aucun quiz correspondant
Distribution des résultats
% des personnes avec chaque résultat
Percentile par nombre de réponses
Votre historique - résultats
Vous n’avez pas pris ce quiz depuis la dernière actualisation